[Event "DVM U12 2024"]
[Site "Heidelberg GER"]
[Date "2024.12.29"]
[Round "6"]
[White "Huang, Felix Haoming"]
[Black "Völpel, Alexander"]
[Result "1-0"]
[Termination "normal"]
[Board "5.4"]
[WhiteElo "1215"]
[BlackElo "1628"]
[WhiteClock "00:59:41"]
[BlackClock "01:05:00"]
[WhiteTeam "Hamburger SK 1830"]
[BlackTeam "SV Werder Bremen"]
[PlyCount "69"]
[BlackFideId "34603131"]
[EventCountry "GER"]
[EventRounds "7"]
[EventType "team-swiss"]
[EventDate "2024.12.26"]

1. e4 {[%clk 01:30:58]} e5 {[%clk 01:30:58]} {[%emt 00:00:03]} 2. Nf3 {[%clk
01:31:23]} {[%emt 00:00:06]} Nc6 {[%clk 01:31:26]} {[%emt 00:00:03]} 3. Bc4
{[%clk 01:31:42]} {[%emt 00:00:10]} Bc5 {[%clk 01:31:49]} {[%emt 00:00:07]} 4.
d3 {[%clk 01:32:01]} {[%emt 00:00:11]} Nf6 {[%clk 01:31:53]} {[%emt 00:00:26]}
5. c3 {[%clk 01:31:40]} {[%emt 00:00:50]} O-O {[%clk 01:31:58]} {[%emt
00:00:26]} 6. O-O {[%clk 01:31:58]} {[%emt 00:00:12]} h6 {[%clk 01:31:55]}
{[%emt 00:00:34]} 7. Be3 {[%clk 01:31:58]} {[%emt 00:00:29]} Bb6 {[%clk
01:31:50]} {[%emt 00:00:35]} 8. Nbd2 {[%clk 01:31:57]} {[%emt 00:00:31]} d6
{[%clk 01:31:54]} {[%emt 00:00:26]} 9. h3 {[%clk 01:32:02]} {[%emt 00:00:25]}
Be6 {[%clk 01:31:53]} {[%emt 00:00:31]} 10. Bb3 {[%clk 01:32:12]} {[%emt
00:00:21]} d5 {[%clk 01:27:57]} {[%emt 00:04:27]} 11. Bxb6 {[%clk 01:27:28]}
{[%emt 00:05:14]} axb6 {[%clk 01:28:04]} {[%emt 00:00:22]} 12. Re1 {[%clk
01:26:54]} {[%emt 00:01:04]} Re8 {[%clk 01:25:49]} {[%emt 00:02:45]} 13. Bc2
{[%clk 01:26:57]} {[%emt 00:00:27]} d4 {[%clk 01:21:27]} {[%emt 00:04:51]} 14.
cxd4 {[%clk 01:23:33]} {[%emt 00:03:55]} Nxd4 {[%clk 01:20:47]} {[%emt
00:01:11]} 15. Nxe5 {[%clk 01:17:59]} {[%emt 00:06:03]} Nxc2 {[%clk 01:20:02]}
{[%emt 00:01:15]} 16. Qxc2 {[%clk 01:18:15]} {[%emt 00:00:13]} Bxh3 {[%clk
01:15:55]} {[%emt 00:04:37]} 17. Nxf7 {[%clk 01:16:09]} {[%emt 00:02:36]} Kxf7
{[%clk 01:15:00]} {[%emt 00:01:25]} 18. gxh3 {[%clk 01:14:34]} {[%emt
00:02:05]} Qd7 {[%clk 01:07:05]} {[%emt 00:08:25]} 19. Re3 {[%clk 01:13:51]}
{[%emt 00:01:13]} Re5 {[%clk 01:02:48]} {[%emt 00:04:48]} 20. Nf3 {[%clk
01:09:25]} {[%emt 00:04:55]} Rh5 {[%clk 01:02:21]} {[%emt 00:00:56]} 21. Kf1
{[%clk 01:05:54]} {[%emt 00:04:02]} Rxh3 {[%clk 01:02:16]} {[%emt 00:00:36]}
22. Ne5+ {[%clk 01:06:01]} {[%emt 00:00:23]} Ke6 {[%clk 01:02:38]} {[%emt
00:00:07]} 23. Nxd7 {[%clk 01:06:23]} {[%emt 00:00:07]} Rh1+ {[%clk 01:02:51]}
{[%emt 00:00:18]} 24. Ke2 {[%clk 01:05:10]} {[%emt 00:01:43]} Rxa1 {[%clk
01:03:15]} {[%emt 00:00:05]} 25. Nxf6 {[%clk 01:05:27]} {[%emt 00:00:13]} Kxf6
{[%clk 01:03:39]} {[%emt 00:00:07]} 26. e5+ {[%clk 01:04:19]} {[%emt 00:01:38]}
Ke6 {[%clk 01:03:57]} {[%emt 00:00:13]} 27. Qc4+ {[%clk 01:04:23]} {[%emt
00:00:26]} Kd7 {[%clk 01:03:59]} {[%emt 00:00:28]} 28. e6+ {[%clk 01:03:53]}
{[%emt 00:01:00]} Kd6 {[%clk 01:04:07]} {[%emt 00:00:22]} 29. Qf4+ {[%clk
01:03:23]} {[%emt 00:00:58]} Kc6 {[%clk 01:03:44]} {[%emt 00:00:54]} 30. a3
{[%clk 01:03:21]} {[%emt 00:00:33]} Rc1 {[%clk 01:03:53]} {[%emt 00:00:20]} 31.
Kd2 {[%clk 01:02:29]} {[%emt 00:01:22]} Rc5 {[%clk 01:04:06]} {[%emt 00:00:15]}
32. e7 {[%clk 01:01:49]} {[%emt 00:01:12]} Re8 {[%clk 01:04:23]} {[%emt
00:00:14]} 33. Qf8 {[%clk 01:00:30]} {[%emt 00:01:48]} Rxf8 {[%clk 01:04:41]}
{[%emt 00:00:13]} 34. exf8=Q {[%emt 00:00:17]} g5 {[%clk 01:05:00]} {[%emt
00:00:06]} 35. Qe8+ {[%clk 00:59:41]} {[%emt 00:01:36]} 1-0